BUMP OF CHICKEN全曲 - Statistics

General Stats
  • This quiz has been taken 17 times
  • The average score is 57 of 147
Answer Stats
収録アルバム・シングル 曲名 % Correct
jupiter 天体観測
100%
RAY ray
100%
COSMONAUT モーターサイクル
91%
COSMONAUT 魔法の料理 〜君から君へ〜
91%
RAY 友達の唄
91%
aurora arc Aurora
91%
Butterflies butterfly
91%
COSMONAUT HAPPY
91%
「僕のヒーローアカデミア FINAL SEASON」ED I
91%
ユグドラシル 車輪の唄
82%
orbital period カルマ
82%
RAY グッドラック
82%
RAY firefly
82%
THE LIVING DEAD K
82%
orbital period メーデー
73%
COSMONAUT 宇宙飛行士への手紙
73%
Iris アカシア
73%
aurora arc aurora arc
73%
FLAME VEIN アルエ
64%
present from you ラフ・メイカー
64%
aurora arc 月虹
64%
Iris なないろ
64%
Iris クロノスタシス
64%
Iris SOUVENIR
64%
jupiter ダイヤモンド
55%
jupiter ダンデライオン
55%
ユグドラシル ギルド
55%
orbital period プラネタリウム
55%
orbital period 飴玉の唄
55%
BUMP OF CHICKEN II <2005-2010> Merry Christmas
55%
ユグドラシル sailing day
55%
orbital period supernova
55%
FLAME VEIN ガラスのブルース
45%
FLAME VEIN くだらない唄
45%
FLAME VEIN ノーヒットノーラン
45%
jupiter ハルジオン
45%
jupiter ベンチとコーヒー
45%
ユグドラシル オンリー ロンリー グローリー
45%
ユグドラシル スノースマイル
45%
orbital period 才悩人応援歌
45%
present from you プレゼント
45%
Butterflies ファイター
45%
aurora arc 記念撮影
45%
aurora arc アリア
45%
Iris 青の朔日
45%
友達の唄 歩く幽霊
45%
present from you ガラスのブルース (28 years round)
45%
Iris Flare
45%
Butterflies GO
45%
Butterflies hello,world!
45%
present from you スノースマイル 〜ringing version〜
45%
COSMONAUT R.I.P
45%
orbital period voyager
45%
THE LIVING DEAD グングニル
36%
THE LIVING DEAD 続・くだらない唄
36%
ユグドラシル 乗車権
36%
ユグドラシル ロストマン
36%
orbital period 星の鳥
36%
orbital period かさぶたぶたぶ
36%
orbital period ひとりごと
36%
present from you 銀河鉄道
36%
present from you 真っ赤な空を見ただろうか
36%
COSMONAUT 三ツ星カルテット
36%
COSMONAUT ウェザーリポート
36%
RAY 虹を待つ人
36%
RAY サザンクロス
36%
RAY ゼロ
36%
Butterflies コロニー
36%
aurora arc リボン
36%
aurora arc シリウス
36%
aurora arc 話がしたいよ
36%
aurora arc アンサー
36%
aurora arc 新世界
36%
firefly ほんとのほんと
36%
THE LIVING DEAD Ending
36%
orbital period flyby
36%
THE LIVING DEAD Opening
36%
HAPPY pinkie
36%
Iris Sleep Walking Orchestra
36%
Iris Small world
36%
jupiter Stage of the ground
36%
RAY WILL
36%
FLAME VEIN リトルブレイバー
27%
FLAME VEIN ナイフ
27%
THE LIVING DEAD ベストピクチャー
27%
THE LIVING DEAD ランプ
27%
THE LIVING DEAD グロリアスレボリューション
27%
jupiter キャッチボール
27%
ユグドラシル レム
27%
ユグドラシル 太陽
27%
orbital period 花の名
27%
orbital period 涙のふるさと
27%
present from you 東京讃歌
27%
COSMONAUT 分別奮闘記
27%
RAY トーチ
27%
Butterflies 宝石になった日
27%
Butterflies パレード
27%
Butterflies 大我慢大会
27%
aurora arc 望遠のマーチ
27%
Iris 邂逅
27%
Iris 窓の中から
27%
Iris 木漏れ日と一緒に
27%
COSMONAUT 66号線
27%
orbital period arrows
27%
ユグドラシル embrace
27%
ユグドラシル fire sign
27%
Iris Gravity
27%
Iris strawberry
27%
jupiter Title of mine
27%
Butterflies you were here
27%
FLAME VEIN とっておきの唄
18%
FLAME VEIN バトルクライ
18%
THE LIVING DEAD リリィ
18%
jupiter ベル
18%
ユグドラシル 同じドアをくぐれたら
18%
orbital period ハンマーソングと痛みの塔
18%
present from you バイバイサンキュー
18%
present from you 彼女と星の椅子
18%
present from you 夢の飼い主
18%
COSMONAUT イノセント
18%
RAY ラストワン
18%
Butterflies 流星群
18%
Butterflies 孤独の合唱
18%
aurora arc 流れ星の正体
18%
魔法の料理 〜君から君へ〜 キャラバン
18%
グッドラック ディアマン
18%
COSMONAUT angel fall
18%
ユグドラシル midgard
18%
RAY (please) forgive
18%
orbital period 星の鳥 reprise
18%
RAY smile
18%
aurora arc Spica
18%
RAY white note
18%
jupiter メロディーフラッグ
9%
orbital period 時空かくれんぼ
9%
present from you ホリデイ
9%
present from you 睡眠時間
9%
COSMONAUT 透明飛行機
9%
COSMONAUT セントエルモの火
9%
aurora arc ジャングルジム
9%
Iris 朝焼け
9%
THE LIVING DEAD Ever lasting lie
9%
present from you Ever lasting lie (Acoustic Version)
9%
宇宙飛行士への手紙/モーターサイクル good friends
9%
RAY morning glow
9%
ユグドラシル aspard
0%
COSMONAUT beautiful gilder
0%
No matching quizzes found
Score Distribution
Percent of People with Each Score
Percentile by Number Answered
Your Score History
You have not taken this quiz